[Event "2. liga D 17/18, Zdar nad Sazavou-Polabiny C"]
[Site ""]
[Date "2017.12.03"]
[Round "4.4"]
[White "Mojzis, Jaroslav"]
[Black "Siebenburger, Vlastimil"]
[WhiteElo "2096"]
[BlackElo "2067"]
[Result "1-0"]
[PlyCount "163"]

1. d4 d5 2. c4 c6 3. Nf3 Nf6 4. g3 dxc4 5. Bg2 e6 6.
Ne5 c5 7. Qa4+ Nbd7 8. dxc5 Bxc5 9. O-O O-O 10. Nxc4 Nb6 11. Qc2 Qc7 12. Nba3
Nbd5 13. e4 Nb4 14. Qe2 e5 15. Nb5 Qe7 16. Ne3 Be6 17. a3 Nc6 18. Nd5 Bxd5 19.
exd5 Nd4 20. Nxd4 Bxd4 21. Bd2 Rfd8 22. Bb4 Qd7 23. d6 a5 24. Bc3 Ra6 25. Rfd1
Rxd6 26. Bxd4 Rxd4 27. Rxd4 exd4 28. Qd3 b6 29. Rc1 Ng4 30. Re1 Qd6 31. Qe4 Nf6
32. Qd3 Nd7 33. Qb5 d3 34. Rd1 d2 35. Qc6 Qd4 36. Qd5 Qxd5 37. Bxd5 Ne5 38. Bb3
b5 39. Kf1 Nf3 40. Bc2 Re8 41. a4 b4 42. Bb3 Re1+ 43. Kg2 Rxd1 44. Bxd1 Ne1+
45. Kf1 Nd3 46. b3 Nc1 47. f4 Kf8 48. Kf2 Ke7 49. Ke3 Kd6 50. Kxd2 Na2 51. Kd3
Kc5 52. Bc2 Nc3 53. Ke3 h6 54. Bd3 Nd1+ 55. Kd2 Nf2 56. Bc4 Ne4+ 57. Ke3 Nd6
58. Bd3 Kd5 59. h4 f5 60. Be2 Ne8 61. Bc4+ Kc5 62. Be6 Nd6 63. h5 Ne4 64. g4
Ng3 65. Bxf5 Nf1+ 66. Kd3 Nh2 67. Ke4 Nf1 68. Be6 Kd6 69. Bg8 Ng3+ 70. Kf3 Nf1
71. Ke4 Ng3+ 72. Kd4 Ne2+ 73. Ke3 Nc3 74. Bc4 Kc5 75. Bg8 Kd6 76. g5 Nd1+ 77.
Kd4 Nf2 78. Bc4 Nh3 79. gxh6 gxh6 80. Ke3 Kc5 81. Bf1 Ng1 82. Kf2 1-0

[Event "2. liga D 17/18, Zdar nad Sazavou-Polabiny C"]
[Site ""]
[Date "2017.12.03"]
[Round "4.5"]
[White "Vasut, Karel"]
[Black "Ludvik, Tomas"]
[WhiteElo "2103"]
[BlackElo "2142"]
[Result "1-0"]
[PlyCount "83"]

1. b4 a5 2. b5 c5 3. c4 b6 4. d4 cxd4 5. Qxd4 d6 6.
Nf3 Bb7 7. g3 Nf6 8. Bg2 Nbd7 9. O-O Qc7 10. Bg5 e6 11. Bxf6 Nxf6 12. Nc3 Be7
13. Rac1 O-O 14. Na4 Nd7 15. Rfd1 Rfd8 16. Qe3 Nc5 17. Nxc5 bxc5 18. a4 Bf6 19.
Ng5 Bd4 20. Qd3 h6 21. Qh7+ Kf8 22. Bxb7 Qxb7 23. e3 Be5 24. f4 hxg5 25. fxe5
Qf3 26. Qd3 dxe5 27. Qxd8+ Rxd8 28. Rxd8+ Ke7 29. Rd3 Qb7 30. Rcd1 Qc7 31. Rb3
Qb6 32. e4 g4 33. Kf2 g5 34. Ke3 Qb7 35. Rf1 Qb6 36. Rd3 Qb7 37. Rd2 Qc7 38.
Rdf2 f5 39. exf5 Qd7 40. Rd2 Qb7 41. fxe6 Kxe6 42. Rdf2 1-0

[Event "2. liga D 17/18, Zdar nad Sazavou-Polabiny C"]
[Site ""]
[Date "2017.12.03"]
[Round "4.6"]
[White "Nehyba, Martin"]
[Black "Cely, Jaroslav"]
[WhiteElo "2141"]
[BlackElo "2004"]
[Result "1/2-1/2"]
[PlyCount "77"]

1. c4 c5 2. Nc3 Nc6 3. g3 g6 4. Bg2 Bg7 5. e3 Nf6 6.
Nge2 O-O 7. O-O d6 8. h3 e5 9. Kh2 Be6 10. Nd5 Ne7 11. Nec3 Rb8 12. b3 a6 13.
f4 Nfxd5 14. cxd5 Bc8 15. Bb2 exf4 16. Rxf4 Be5 17. Rf3 Nf5 18. Qc2 Nh4 19. Rf2
Nxg2 20. Kxg2 Bf5 21. e4 Bd7 22. Ne2 Qe7 23. d3 f5 24. Bxe5 Qxe5 25. Qc3 Rfe8
26. Qxe5 Rxe5 27. Nc3 Rbe8 28. Re1 b5 29. Rfe2 b4 30. Nd1 Bb5 31. Nb2 Kf7 32.
Kf3 fxe4+ 33. dxe4 Bxe2+ 34. Rxe2 Ke7 35. Nd3 Rf8+ 36. Kg4 Rh5 37. Nf4 Re5 38.
Nd3 Rh5 39. Nf4 1/2-1/2

[Event "2. liga D 17/18, Zdar nad Sazavou-Polabiny C"]
[Site ""]
[Date "2017.12.03"]
[Round "4.7"]
[White "Svoboda, Ivo"]
[Black "Liduch, Filip"]
[WhiteElo "1906"]
[BlackElo "2047"]
[Result "1-0"]
[PlyCount "99"]

1. e4 e5 2. Nf3 Nc6 3. Bb5 Nf6 4. d3 d6 5. c3 Be7 6.
O-O O-O 7. Re1 a6 8. Ba4 b5 9. Bc2 Bb7 10. Nbd2 Re8 11. Nf1 Bf8 12. Ng3 g6 13.
Bg5 h6 14. Be3 d5 15. exd5 Nxd5 16. Bd2 Kh7 17. h4 Bc8 18. h5 Nf6 19. hxg6+
fxg6 20. Ne4 Nxe4 21. dxe4 Qf6 22. Be3 Be6 23. Bb3 Rad8 24. Qe2 Na5 25. Bxe6
Qxe6 26. b3 c5 27. Rad1 Nc6 28. Rxd8 Rxd8 29. Rd1 Rxd1+ 30. Qxd1 Qd6 31. Qd5
Kg7 32. Kf1 Kf6 33. Qxd6+ Bxd6 34. Bxh6 a5 35. Be3 a4 36. bxa4 bxa4 37. Nd2 Na5
38. Ke2 Ke6 39. Kd3 Kd7 40. Nc4 Nxc4 41. Kxc4 Kc6 42. Bg5 Bf8 43. f3 Bd6 44.
Bf6 Bb8 45. Be7 Ba7 46. g3 Bb6 47. f4 exf4 48. gxf4 Bc7 49. f5 gxf5 50. exf5
1-0

[Event "2. liga D 17/18, Zdar nad Sazavou-Polabiny C"]
[Site ""]
[Date "2017.12.03"]
[Round "4.8"]
[White "Trojan, Lubos"]
[Black "Hajek, Radovan"]
[WhiteElo "1998"]
[BlackElo "1894"]
[Result "1-0"]
[PlyCount "117"]

1. d4 Nf6 2. Nf3 d5 3. Bf4 e6 4. e3 Be7 5. Bd3 Nbd7
6. Nbd2 c5 7. c3 O-O 8. h3 b6 9. Ne5 Nxe5 10. Bxe5 Nd7 11. Bh2 a5 12. Qe2 Bb7
13. O-O Nf6 14. Nf3 Ne4 15. Rad1 Bd6 16. dxc5 Bxh2+ 17. Nxh2 Nxc5 18. Bb1 Qg5
19. f4 Qh4 20. Qe1 Qh5 21. f5 Kh8 22. Rf4 e5 23. Rh4 Qg5 24. Nf3 Qf6 25. Qg3
Rae8 26. Rf1 Ba6 27. Rf2 Bd3 28. Bxd3 Nxd3 29. Rd2 e4 30. Nd4 g6 31. Rh6 Kg7
32. Qh4 Qxh4 33. Rxh4 g5 34. Rh5 h6 35. h4 g4 36. f6+ Kg6 37. Rxd5 Re5 38. Rxe5
Nxe5 39. Rd1 Nd3 40. b3 Kxf6 41. Rf1+ Kg6 42. Rf5 Rd8 43. h5+ Kg7 44. Rb5 Rc8
45. c4 Rc5 46. Nf5+ Kh7 47. Rxc5 bxc5 48. Nd6 Nc1 49. Nxe4 Nxa2 50. Nxc5 Nc1
51. Kf2 Kg7 52. e4 Kf6 53. Ke3 Ke5 54. Nd3+ Nxd3 55. Kxd3 f6 56. g3 Kd6 57. Kd4
Kc6 58. c5 Kb5 59. Kd5 1-0

[Event "2. liga D 17/18, Namest nad Oslavou-Pivovar Dalesice"]
[Site ""]
[Date "2017.12.03"]
[Round "4.1"]
[White "Kratochvil, Vit"]
[Black "Buchnicek, Petr"]
[WhiteElo "2224"]
[BlackElo "2323"]
[Result "1-0"]
[PlyCount "73"]

1. e4 e5 2. Nf3 Nc6 3. Bc4 Nf6 4. d3 Bc5 5. O-O O-O 6. c3 d5 7. exd5 Nxd5 8. h3
Bf5 9. Re1 Nb6 10. Bb5 f6 11. Bxc6 bxc6 12. d4 exd4 13. Nxd4 Qd7 14. Be3 Rad8
15. Qf3 Bxd4 16. Bxd4 Nc4 17. Qe2 Qd5 18. b3 Ne5 19. Bxe5 Rfe8 20. c4 Qa5 21.
Nc3 Rxe5 22. Qb2 Bxh3 23. gxh3 Rg5+ 24. Kf1 Qf5 25. Re3 Rh5 26. Rd1 Rxd1+ 27.
Nxd1 Rxh3 28. Qd4 Rxe3 29. Qxe3 Kf7 30. Qxa7 Qd3+ 31. Ke1 Qe4+ 32. Qe3 Qh1+ 33.
Kd2 h5 34. Qf4 h4 35. Qxc7+ Kg6 36. Ne3 Qg1 37. Qf4 1-0

[Event "2. liga D 17/18, Namest nad Oslavou-Pivovar Dalesice"]
[Site ""]
[Date "2017.12.03"]
[Round "4.2"]
[White "Karasek, Lukas"]
[Black "Skaroupka, Jiri"]
[WhiteElo "2295"]
[BlackElo "2171"]
[Result "1/2-1/2"]
[PlyCount "102"]

1. e4 c6 2. d4 d5 3. Nc3 dxe4 4. Nxe4 Bf5 5. Ng3 Bg6 6. h4 h6 7. Nf3 Nd7 8. h5
Bh7 9. Bd3 Bxd3 10. Qxd3 Ngf6 11. Bd2 e6 12. O-O-O Be7 13. Ne4 Nxe4 14. Qxe4
Nf6 15. Qe2 Qd5 16. c4 Qe4 17. Qxe4 Nxe4 18. Be3 Nd6 19. b3 O-O 20. Kc2 Rfd8
21. g4 Rac8 22. a4 a6 23. Ne5 Bf6 24. a5 Be7 25. f3 Ne8 26. Nd3 Nf6 27. Rh2 Nd7
28. Rhd2 f6 29. Re2 Kf7 30. Rde1 Re8 31. Bf4 Nf8 32. b4 Rcd8 33. Kc3 Rd7 34.
Nc5 Bxc5 35. bxc5 e5 36. dxe5 fxe5 37. Rxe5 Rxe5 38. Bxe5 Re7 39. f4 Nd7 40.
Kd4 Nxe5 41. Rxe5 Rd7+ 42. Ke4 Rd1 43. Kf5 Ra1 44. g5 hxg5 45. fxg5 Rf1+ 46.
Ke4 Re1+ 47. Kd4 Rd1+ 48. Kc3 Rc1+ 49. Kd3 Rh1 50. h6 gxh6 51. gxh6 Rxh6
1/2-1/2

[Event "2. liga D 17/18, Namest nad Oslavou-Pivovar Dalesice"]
[Site ""]
[Date "2017.12.03"]
[Round "4.3"]
[White "Miculka, David"]
[Black "Sedlacek, Oldrich"]
[WhiteElo "2083"]
[BlackElo "2224"]
[Result "0-1"]
[PlyCount "74"]

1. e4 c6 2. d4 d5 3. Nd2 g6 4. Ngf3 Bg7 5. c3 Nh6 6. Bd3 O-O 7. O-O f6 8. Re1
Nf7 9. Nf1 Qd6 10. Ng3 Kh8 11. Qe2 e6 12. h4 Na6 13. h5 f5 14. exf5 exf5 15.
hxg6 hxg6 16. Ne5 Nxe5 17. dxe5 Qe7 18. f4 Nc5 19. Be3 Ne4 20. Bxe4 fxe4 21. c4
Qh4 22. Nh1 Bg4 23. Qf2 Qxf2+ 24. Nxf2 Be6 25. g3 b6 26. Rac1 Rac8 27. cxd5
cxd5 28. Rxc8 Rxc8 29. Rc1 Rxc1+ 30. Bxc1 Bf8 31. Kf1 Bc5 32. Ke2 Kg7 33. Bd2
Bxf2 34. Kxf2 d4 35. Bb4 Bg4 36. Ke1 e3 37. a4 a5 0-1

[Event "2. liga D 17/18, Namest nad Oslavou-Pivovar Dalesice"]
[Site ""]
[Date "2017.12.03"]
[Round "4.4"]
[White "Vesely, Vitek"]
[Black "Dittrich, Pavel"]
[WhiteElo "2086"]
[BlackElo "2236"]
[Result "1/2-1/2"]
[PlyCount "52"]

1. d4 e6 2. Nf3 Nf6 3. e3 b6 4. Bd3 Bb7 5. O-O Be7 6. c4 d5 7. b3 O-O 8. Bb2 c5
9. Nc3 Nc6 10. Qe2 Rc8 11. Rfd1 cxd4 12. exd4 Nb4 13. Bb1 dxc4 14. bxc4 Bxf3
15. gxf3 Bd6 16. Ne4 Nxe4 17. fxe4 Qg5+ 18. Kh1 e5 19. Rg1 Qe7 20. d5 Qc7 21.
a3 Na6 22. Bd3 Nc5 23. Bc2 Nb7 24. Bd3 Nc5 25. Bc2 Nb7 26. Bd3 Nc5 1/2-1/2

[Event "2. liga D 17/18, Namest nad Oslavou-Pivovar Dalesice"]
[Site ""]
[Date "2017.12.03"]
[Round "4.5"]
[White "Miculka, Petr"]
[Black "Tesar, Jan"]
[WhiteElo "2025"]
[BlackElo "2032"]
[Result "1-0"]
[PlyCount "75"]

1. e4 c5 2. Nf3 a6 3. c4 d6 4. h3 Nf6 5. Nc3 e6 6. d4 cxd4 7. Nxd4 Be7 8. Be2
O-O 9. O-O Qc7 10. Be3 b6 11. Rc1 Bb7 12. f3 Nbd7 13. Qe1 Rfe8 14. Qf2 Rac8 15.
b3 Qb8 16. g4 h6 17. h4 d5 18. g5 hxg5 19. hxg5 Nh7 20. cxd5 exd5 21. g6 fxg6
22. Nxd5 Bxd5 23. exd5 Rxc1 24. Rxc1 Bc5 25. f4 Nhf6 26. b4 Bxd4 27. Bxd4 b5
28. Bd3 Nxd5 29. Bxg6 Rc8 30. Rxc8+ Qxc8 31. Bf5 Qc1+ 32. Kh2 Qc6 33. Qe2 Qh6+
34. Kg1 Nf8 35. Qe8 Qxf4 36. Be6+ Kh7 37. Qh5+ Qh6 38. Qxh6+ 1-0

[Event "2. liga D 17/18, Namest nad Oslavou-Pivovar Dalesice"]
[Site ""]
[Date "2017.12.03"]
[Round "4.6"]
[White "Lampir, Tomas"]
[Black "Mrazik, Tomas"]
[WhiteElo "2072"]
[BlackElo "1952"]
[Result "1/2-1/2"]
[PlyCount "111"]

1. e4 c5 2. Nc3 g6 3. f4 Bg7 4. Nf3 d6 5. Bb5+ Bd7 6. Bxd7+ Qxd7 7. O-O Nc6 8.
d3 Nf6 9. Qe1 O-O 10. Qh4 Nb4 11. Qf2 Ng4 12. Qe2 Rae8 13. h3 Nh6 14. Qf2 f5
15. e5 Nf7 16. Re1 e6 17. Be3 b6 18. d4 cxd4 19. Bxd4 dxe5 20. Bxe5 Nxe5 21.
Nxe5 Qc7 22. a3 Bxe5 23. fxe5 Nc6 24. Qf4 Rd8 25. Qc4 Qc8 26. Nb5 Rd5 27. Nd6
Qd7 28. Rad1 Rxd1 29. Rxd1 Nxe5 30. Qe2 Qg7 31. Re1 Rd8 32. Nb5 Nf7 33. Qxe6
Qxb2 34. Qc4 a6 35. Nc3 Qxa3 36. Kh1 b5 37. Qc6 Qd6 38. Qb7 Rd7 39. Re8+ Kg7
40. Qc8 Rd8 41. Rxd8 Nxd8 42. Qa8 Ne6 43. Qb7+ Kh6 44. Nd5 Qe5 45. Ne7 Nc7 46.
Nc6 Qd6 47. Nd4 Qxd4 48. Qxc7 b4 49. Qe7 Qe4 50. Qf8+ Kh5 51. Qg7 h6 52. Qc7 f4
53. Qa5+ Kh4 54. Kh2 Qc4 55. Qe5 g5 56. Qe1+ 1/2-1/2

[Event "2. liga D 17/18, Namest nad Oslavou-Pivovar Dalesice"]
[Site ""]
[Date "2017.12.03"]
[Round "4.7"]
[White "Halbrstat, Petr"]
[Black "Bradac, Roman"]
[WhiteElo "1572"]
[BlackElo "2024"]
[Result "0-1"]
[PlyCount "78"]

1. d4 Nf6 2. Nf3 e6 3. Bf4 c5 4. e3 b6 5. c3 cxd4 6. exd4 Be7 7. Bd3 O-O 8.
Nbd2 Bb7 9. O-O d6 10. Qe2 Nbd7 11. Nc4 Qc7 12. Rac1 Rfe8 13. Rfe1 Bf8 14. Qc2
h6 15. Re3 Nd5 16. Bxh6 gxh6 17. Re4 f5 18. Rh4 N7f6 19. h3 Ne7 20. Qd2 Ng6 21.
Rxh6 Bxh6 22. Qxh6 Qg7 23. Qxg7+ Kxg7 24. Nxd6 Re7 25. Nxb7 Rxb7 26. g3 Rh8 27.
Kg2 Nd5 28. Re1 Kf6 29. a3 Ngf4+ 30. gxf4 Nxf4+ 31. Kf1 Nxd3 32. Re3 Nxb2 33.
Ne5 Rc7 34. Rg3 Rg7 35. Rf3 b5 36. Ng4+ Ke7 37. Ne5 Nc4 38. Nc6+ Kd6 39. Nb4
Nd2+ 0-1

[Event "2. liga D 17/18, Namest nad Oslavou-Pivovar Dalesice"]
[Site ""]
[Date "2017.12.03"]
[Round "4.8"]
[White "Svizensky, Lubos"]
[Black "Feldvabl, Vilem"]
[WhiteElo "1946"]
[BlackElo "1656"]
[Result "1/2-1/2"]
[PlyCount "172"]

1. d4 d5 2. Nf3 Bf5 3. c4 e6 4. Qb3 b6 5. Nc3 c6 6. Bf4 Bd6 7. Bg5 Be7 8. Bf4
Bd6 9. Bg5 Be7 10. Bxe7 Nxe7 11. e3 O-O 12. Nh4 Bg6 13. Nxg6 Nxg6 14. Bd3 Nd7
15. Qc2 Re8 16. O-O Qe7 17. f4 dxc4 18. Bxc4 c5 19. dxc5 Qxc5 20. Qe2 Nf6 21.
Bb3 Red8 22. Rac1 Rac8 23. Rc2 Qe7 24. Rfc1 Qb7 25. Bc4 Qe7 26. Bb5 Rc7 27. g4
h6 28. Kh1 Qf8 29. Rg1 Nd5 30. Nxd5 Rxc2 31. Nf6+ gxf6 32. Qxc2 Qd6 33. Bf1 Qd1
34. Qc3 Qf3+ 35. Bg2 Qxg4 36. Qxf6 Rd1 37. h3 Rxg1+ 38. Kxg1 Qe2 39. Qd8+ Nf8
40. Qd4 Qe1+ 41. Kh2 Qa5 42. a3 Qh5 43. Qe4 Qg6 44. Qf3 Qc2 45. b4 Qc3 46. e4
Qxf3 47. Bxf3 Kg7 48. Kg3 Kg6 49. Kf2 Kf6 50. e5+ Ke7 51. Ke3 Kd7 52. Be4 Ng6
53. Kf3 Ke7 54. Kg3 Kf8 55. h4 Ne7 56. Kg4 Kg7 57. Kf3 Kf8 58. a4 Ke8 59. Kg4
Kf8 60. Kf3 Ke8 61. Ke3 Kd7 62. Kd4 Kc7 63. b5 Kd7 64. Ke3 Ke8 65. Kf3 Kf8 66.
Kg4 Kg7 67. f5 exf5+ 68. Bxf5 Nd5 69. Kf3 Kf8 70. Bc2 Kg7 71. Ke4 Ne7 72. h5
Kf8 73. Bb3 Kg7 74. Bd1 Kf8 75. Bg4 Kg7 76. Bd7 Kf8 77. Bh3 Kg7 78. Kd4 Kf8 79.
Bg4 Kg7 80. Kc4 Kf8 81. Bd7 Kg7 82. Bg4 Kf8 83. Kd4 Kg7 84. Ke4 Kf8 85. Bd7 Kg7
86. Bf5 Kf8 1/2-1/2

[Event "2. liga D 17/18, Vysoke Myto-Eurobit"]
[Site ""]
[Date "2017.12.03"]
[Round "4.1"]
[White "Nemec, Pavel"]
[Black "Prandstetter, Eduard"]
[WhiteElo "2213"]
[BlackElo "2228"]
[Result "0-1"]
[PlyCount "76"]

1. e4 e6 2. d4 d5 3. e5 c5 4. c3 Nc6 5. Nf3 Qb6 6. a3 c4 7. g3 Na5 8. Nbd2 Bd7
9. h4 Ne7 10. Bh3 Qc7 11. O-O Nc8 12. Rb1 Nb6 13. h5 Ba4 14. b3 cxb3 15. Bb2
Nac4 16. Nxc4 dxc4 17. Nd2 Bc6 18. Qe2 Bd5 19. Bg2 O-O-O 20. Rbe1 Kb8 21. f4
Bxg2 22. Kxg2 g6 23. Rh1 Be7 24. Ne4 Qc6 25. Kf2 Rhg8 26. hxg6 hxg6 27. Rh7 Rh8
28. Reh1 Rxh7 29. Rxh7 Na4 30. Ke3 Nxb2 31. Qxb2 Rf8 32. Nd2 g5 33. Nb1 gxf4+
34. Kxf4 Rg8 35. Rh5 f5 36. exf6 Qd6+ 37. Re5 Bxf6 38. Qe2 Rf8 0-1

[Event "2. liga D 17/18, Vysoke Myto-Eurobit"]
[Site ""]
[Date "2017.12.03"]
[Round "4.3"]
[White "Grundman, Vaclav"]
[Black "Malivanek, Jiri"]
[WhiteElo "1967"]
[BlackElo "2077"]
[Result "1-0"]
[PlyCount "71"]

1. e4 e6 2. d4 d5 3. exd5 exd5 4. Nf3 Bd6 5. c4 Nf6 6. Nc3 c6 7. Bg5 Be6 8.
cxd5 cxd5 9. Qb3 Nbd7 10. Be2 Qb6 11. O-O O-O 12. Qxb6 axb6 13. Nb5 Bb8 14.
Rfc1 Ne4 15. Nc7 Ra7 16. Be7 Bxc7 17. Rxc7 Rfa8 18. a3 Nf8 19. Rac1 Rb8 20. Ne5
Raa8 21. f3 Nf6 22. Bxf6 gxf6 23. Nd3 Nd7 24. Nf4 Nf8 25. Bb5 Kg7 26. Kf2 f5
27. Re7 Rc8 28. Rcc7 Rxc7 29. Rxc7 Rb8 30. Ke3 Kf6 31. h4 h6 32. Kd3 Kg7 33.
Ba4 Kf6 34. Bb3 b5 35. Bxd5 b4 36. Rxb7 1-0

[Event "2. liga D 17/18, Vysoke Myto-Eurobit"]
[Site ""]
[Date "2017.12.03"]
[Round "4.4"]
[White "Vavra, Radim"]
[Black "Trhal, Tomas"]
[WhiteElo "2049"]
[BlackElo "2070"]
[Result "1/2-1/2"]
[PlyCount "75"]

1. e4 c5 2. Nf3 d6 3. c3 Nf6 4. Be2 Nc6 5. d4 cxd4 6. cxd4 Nxe4 7. d5 Qa5+ 8.
Nc3 Nxc3 9. bxc3 Nb8 10. O-O Nd7 11. Be3 Nf6 12. c4 g6 13. Re1 Bg7 14. Bd3 O-O
15. h3 Qc7 16. Qb3 Nd7 17. Bd4 Ne5 18. Nxe5 dxe5 19. Bc3 Rd8 20. Qb2 f6 21.
Rad1 Rb8 22. Qa3 b6 23. Bb4 Bf8 24. c5 bxc5 25. Ba5 Rb6 26. Bc4 Rdd6 27. Rb1
Rxb1 28. Rxb1 Qd7 29. Qxc5 e6 30. Rb8 Rxd5 31. Qxc8 Qxc8 32. Rxc8 Rxa5 33.
Bxe6+ Kg7 34. Rc7+ Kh6 35. Bg8 Bg7 36. h4 f5 37. g3 e4 38. Kg2 1/2-1/2

[Event "2. liga D 17/18, Vysoke Myto-Eurobit"]
[Site ""]
[Date "2017.12.03"]
[Round "4.6"]
[White "Sykora, Josef"]
[Black "Dosedel, Jiri"]
[WhiteElo "2077"]
[BlackElo "2082"]
[Result "1/2-1/2"]
[PlyCount "33"]

1. c4 Nf6 2. g3 g6 3. Bg2 Bg7 4. Nc3 O-O 5. e3 e5 6. Nge2 Re8 7. d3 c6 8. e4 d6
9. O-O a6 10. b3 c5 11. Bg5 h6 12. Bxf6 Bxf6 13. Qd2 Bg7 14. h3 Nc6 15. Nd5 Be6
16. Rae1 b5 17. f4 1/2-1/2

[Event "2. liga D 17/18, Vysoke Myto-Eurobit"]
[Site ""]
[Date "2017.12.03"]
[Round "4.7"]
[White "Danek, Pavel"]
[Black "Hennig, Thomas"]
[WhiteElo "1927"]
[BlackElo "2049"]
[Result "0-1"]
[PlyCount "58"]

1. d4 d5 2. Nf3 Nf6 3. Bg5 Ne4 4. Bf4 c5 5. c3 cxd4 6. Bxb8 Rxb8 7. Nxd4 e5 8.
Nb3 Qf6 9. Qxd5 Qxf2+ 10. Kd1 Qf5 11. g4 Nf2+ 12. Ke1 Nxg4 13. Qf3 Qg5 14. Rg1
Qh4+ 15. Qg3 Qh6 16. h3 Be7 17. Qd3 Bh4+ 18. Rg3 Qf4 19. hxg4 Bxg3+ 20. Kd1
Qxf1+ 21. Kc2 Qg2 22. Qe3 O-O 23. N1d2 Bf4 24. Qxa7 Bxg4 25. Re1 Bxe2 26. Rg1
Qd5 27. Qf2 Qd3+ 28. Kc1 Rbd8 29. Qe1 Bf3 0-1

[Event "2. liga D 17/18, Vysoke Myto-Eurobit"]
[Site ""]
[Date "2017.12.03"]
[Round "4.8"]
[White "Vesely, Tomas"]
[Black "Kucera, Jan"]
[WhiteElo "2053"]
[BlackElo "1936"]
[Result "1-0"]
[PlyCount "47"]

1. e4 c5 2. Nf3 d6 3. d4 cxd4 4. Nxd4 Nf6 5. Nc3 g6 6. Be3 Bg7 7. f3 Nc6 8. Qd2
O-O 9. Bc4 Bd7 10. O-O-O Qb8 11. Bh6 Nxd4 12. Bxg7 Nxf3 13. gxf3 Kxg7 14. h4 h5
15. Rhg1 Qc8 16. Bb3 a5 17. Qg5 Be6 18. Bd5 Bxd5 19. Nxd5 Nxd5 20. Rxd5 Qe6 21.
f4 Qxe4 22. f5 Qxd5 23. f6+ exf6 24. Qxd5 1-0

[Event "2. liga D 17/18, Eurobit-CHS Chotebor"]
[Site ""]
[Date "2017.12.17"]
[Round "5.1"]
[White "Prandstetter, Eduard"]
[Black "Vyprachticky, David"]
[WhiteElo "2228"]
[BlackElo "2246"]
[Result "0-1"]

1.e4 e5 2.Nf3 Nc6 3.Bb5 Nf6 4.O-O Nxe4 5.d4 Nd6 6.Bxc6 dxc6 7.dxe5 Nf5 8.
Qxd8+ Kxd8 9.b3 h6 10.Ba3 Bxa3 11.Nxa3 Be6 12.c4 g5 13.Nc2 c5 14.Rfe1 Kc8 
15.Rad1 a5 16.Ne3 Nxe3 17.Rxe3 Rd8 18.Rxd8+ Kxd8 19.Nd2 a4 20.Kf1 axb3 21.
axb3 Kd7 22.Ke2 Kc6 23.h3 Kb6 24.f4 gxf4 25.Rf3 Ka5 26.Rxf4 Kb4 27.Rh4 Ra2
28.Ke3 b6 29.g4 Kc3 30.Ne4+ Kxb3 31.Rxh6 Kxc4 32.g5 Ra3+ 33.Kf4 Rxh3 34.
Nf2 Ra3 35.Ne4 Kd4 36.g6 fxg6 37.Rxg6 Bd5 38.Ng5 c4 0-1

[Event "2. liga D 17/18, Eurobit-CHS Chotebor"]
[Site ""]
[Date "2017.12.17"]
[Round "5.2"]
[White "Riha, Vojtech"]
[Black "Smutny, Jan"]
[WhiteElo "2138"]
[BlackElo "2156"]
[Result "0-1"]

1.e4 e5 2.Nf3 Nf6 3.Nc3 Nc6 4.d4 exd4 5.Nd5 d6 6.Nxd4 Be7 7.Be2 O-O 8.O-O 
Nxd5 9.exd5 Nxd4 10.Qxd4 Bf6 11.Qc4 Bf5 12.c3 Re8 13.Bf3 Qd7 14.Be3 b5 15.
Qb3 Be4 16.Bxe4 Rxe4 17.Qc2 Rae8 18.a4 bxa4 19.c4 c5 20.dxc6 Qxc6 21.Rxa4 
d5 22.Rxa7 Rxc4 23.Qb3 Rc2 24.Rd7 Rxf2 25.Bxf2 Qxd7 26.Rd1 d4 27.Qd3 h6 
28.h3 Qd6 29.b3 Rc8 30.Re1 Qb4 31.Qf3 Rd8 32.Qd3 Rb8 33.Re4 Rc8 34.g3 Qc3 
35.Qe2 d3 36.Re8+ Rxe8 37.Qxe8+ Kh7 38.Qxf7 d2 39.Qd5 Qc2 0-1

[Event "2. liga D 17/18, Eurobit-CHS Chotebor"]
[Site ""]
[Date "2017.12.17"]
[Round "5.3"]
[White "Malivanek, Jiri"]
[Black "Tuma, Jiri"]
[WhiteElo "2077"]
[BlackElo "2261"]
[Result "0-1"]

1.e4 d6 2.f4 c5 3.c4 g6 4.Nf3 Bg7 5.d4 cxd4 6.Nxd4 Qb6 7.Nb3 Nf6 8.Nc3 O-O
9.Bd3 Nc6 10.Qe2 e5 11.Nd5 Nxd5 12.exd5 e4 13.Bb1 Nd4 14.Qe3 Nxb3 15.Qxb3 
Qd4 16.a4 e3 17.Rf1 e2 18.Rf2 Re8 19.Rxe2 Qg1+ 0-1

[Event "2. liga D 17/18, Eurobit-CHS Chotebor"]
[Site ""]
[Date "2017.12.17"]
[Round "5.4"]
[White "Ondracek, Ondrej"]
[Black "Hlavnicka, Jiri"]
[WhiteElo "2114"]
[BlackElo "2146"]
[Result "1/2-1/2"]

1.e4 c6 2.d4 g6 3.Nf3 d5 4.e5 Bg4 5.h3 Bxf3 6.Qxf3 h5 7.e6 Nf6 8.exf7+ 
Kxf7 9.Bd3 Bh6 10.Bxh6 Rxh6 11.O-O Qd6 12.Qe3 Ng8 13.Nd2 Nd7 14.Rae1 Rf8 
15.c4 Ke8 16.cxd5 cxd5 17.Rc1 Kf7 18.Nf3 Kg7 19.Rfe1 Rf4 20.Ng5 Nf8 21.Rc8
Rf6 22.Nf3 Qf4 23.Qxf4 Rxf4 24.Rc7 g5 25.Rxb7 g4 26.hxg4 hxg4 27.Ne5 Rb6 
28.Rxb6 axb6 29.Nc6 e6 30.g3 Rf7 31.Rc1 Nf6 32.Nb4 N6h7 33.Be2 Nf6 34.Rc6 
Rb7 35.Ba6 Rb8 36.Rc7+ Kg6 37.Bd3+ Ne4 38.Kf1 Nh7 39.Nc6 Rh8 40.Ne5+ Kh5 
41.Bxe4 dxe4 42.Rb7 Ng5 43.Rxb6 Rf8 44.Ke1 Nh3 45.Rb7 Nxf2 46.Rf7 Nd3+ 47.
Ke2 Rb8 48.Nxd3 exd3+ 49.Ke3 Rxb2 50.Rf2 Rb1 51.Kf4 Re1 52.Rh2+ Kg6 53.Rd2
Re2 54.Rxd3 Rxa2 55.Kxg4 Ra4 56.Kf3 Kf5 57.Ke3 Ra1 58.Kf3 Rf1+ 59.Kg2 Ke4 
60.Rd2 Ra1 61.Re2+ Kf5 62.Re5+ Kg4 63.Re4+ Kf5 64.Rf4+ Kg5 65.Kh3 Rh1+ 66.
Kg2 Ra1 67.Rf2 Rd1 68.Re2 Rxd4 69.Rxe6 Kg4 70.Rg6+ Kf5 71.Rg8 Ra4 72.Kh3 
Rb4 73.g4+ Kf6 74.Rf8+ Kg5 75.Rf5+ Kg6 76.Rc5 Rb1 77.Rc6+ Kg5 78.Rc5+ Kg6 
79.Kg3 Rg1+ 80.Kf3 Rf1+ 81.Kg2 Ra1 82.Kg3 Rg1+ 1/2-1/2

[Event "2. liga D 17/18, Eurobit-CHS Chotebor"]
[Site ""]
[Date "2017.12.17"]
[Round "5.5"]
[White "Sykora, Josef"]
[Black "Vrkota, Milos"]
[WhiteElo "2077"]
[BlackElo "2105"]
[Result "1/2-1/2"]

1.c4 e5 2.g3 f5 3.Bg2 Nf6 4.e3 d6 5.Ne2 g6 6.Nbc3 Bg7 7.O-O O-O 8.b3 c6 9.
Bb2 a5 10.d3 Na6 11.Qd2 Nc7 12.Rac1 Ne6 13.d4 Qc7 14.d5 Ng5 15.dxc6 bxc6 
16.Rfd1 Rd8 17.f4 Nf7 18.h3 Be6 19.Kh2 h6 20.e4 1/2-1/2

[Event "2. liga D 17/18, Eurobit-CHS Chotebor"]
[Site ""]
[Date "2017.12.17"]
[Round "5.6"]
[White "Petrus, Ludek"]
[Black "Reznicek, Jan"]
[WhiteElo "1965"]
[BlackElo "2171"]
[Result "1/2-1/2"]

1.e4 g6 2.d4 c6 3.Nf3 Bg7 4.Bd3 d6 5.O-O Nf6 6.c4 Bg4 7.Nbd2 Nbd7 8.b3 O-O
9.Bb2 e5 10.Qc2 Re8 11.h3 Bxf3 12.Nxf3 Nh5 13.Rfe1 Qb6 14.dxe5 Nxe5 15.
Nxe5 Bxe5 16.Rad1 Qc5 17.Bf1 Rad8 18.Bc1 Bf4 19.Bb2 Be5 20.Bc1 Bf4 21.Bb2 
Be5 22.Bc1 1/2-1/2

[Event "2. liga D 17/18, Eurobit-CHS Chotebor"]
[Site ""]
[Date "2017.12.17"]
[Round "5.7"]
[White "Hennig, Thomas"]
[Black "Hospodka, Josef"]
[WhiteElo "2049"]
[BlackElo "1949"]
[Result "1-0"]

1.d4 Nf6 2.c4 e6 3.Nc3 Bb4 4.e3 Bxc3+ 5.bxc3 b6 6.Bd3 Bb7 7.f3 d6 8.Ne2 
Nbd7 9.e4 e5 10.O-O Qe7 11.Ng3 h6 12.f4 g6 13.fxe5 dxe5 14.Qa4 Kf8 15.c5 
bxc5 16.Rb1 Nb6 17.Qa5 exd4 18.Ba3 Kg7 19.Bxc5 Qe6 20.Bxd4 Rhe8 21.Rxf6 
Qxf6 22.Bxf6+ Kxf6 23.Qc5 Rac8 24.Rf1+ Kg7 25.Qd4+ Kg8 26.Qf6 Rf8 27.Nf5 
gxf5 28.Qxf5 Rcd8 29.Rf3 Rxd3 30.Rxd3 Re8 31.Rf3 Re7 32.Qf6 Rd7 33.Rg3+ 
Kf8 34.Qxh6+ Ke7 35.Qh4+ Ke6 36.Qh3+ Ke7 37.Rd3 Ba6 38.Rxd7+ Nxd7 39.Qe3 
Nb6 40.h4 Bc4 41.a4 Be6 42.a5 Nc8 43.Qc5+ Kd7 44.h5 Nd6 45.h6 f6 46.h7 Nf7
47.Qxa7 f5 48.exf5 Bxf5 49.h8=Q Nxh8 50.Qd4+ Kc6 51.Qf6+ 1-0

[Event "2. liga D 17/18, Eurobit-CHS Chotebor"]
[Site ""]
[Date "2017.12.17"]
[Round "5.8"]
[White "Linhart, Jan"]
[Black "Vesely, Tomas"]
[WhiteElo "2054"]
[BlackElo "2053"]
[Result "0-1"]

1.g3 e5 2.c4 Nf6 3.Bg2 c6 4.Nc3 d5 5.cxd5 cxd5 6.d4 exd4 7.Qxd4 Nc6 8.Qa4 
d4 9.Ne4 Nxe4 10.Bxe4 Bb4+ 11.Kf1 Qb6 12.Kg2 Bd7 13.Nf3 O-O 14.a3 Be7 15.
Rd1 Rfd8 16.Qc2 h6 17.Bh7+ Kh8 18.Bf5 Bf6 19.Bf4 Rac8 20.Bxd7 Rxd7 21.Qf5 
Rcd8 22.Qh5 Kg8 23.Qg4 Kf8 24.Qf5 Ne7 25.Qe4 Ng6 26.Rd2 Qb5 27.Rad1 Re7 
28.Qc2 Qh5 29.h3 Kg8 30.Rc1 Nxf4+ 31.gxf4 Rde8 32.Qd3 a6 33.b4 Re4 34.Rc5 
Qg6+ 35.Kh2 Rxe2 36.Qxg6 fxg6 37.Rd3 Rxf2+ 38.Kg3 Rfe2 39.Rc1 R2e3 40.Rcd1
Rxd3 41.Rxd3 Re3 42.Rxe3 dxe3 43.Ne1 Bc3 44.Nc2 e2 45.Kf2 e1=Q+ 46.Nxe1 
Bxe1+ 47.Kxe1 Kf7 48.Ke2 Ke6 49.h4 Kf5 50.Kf3 b5 51.Kg3 g5 52.fxg5 hxg5 
53.h5 g4 54.Kh4 Kf4 55.a4 bxa4 56.b5 axb5 57.h6 gxh6 0-1

[Event "2. liga D 17/18, Pivovar Dalesice-Vysoke Myto"]
[Site ""]
[Date "2017.12.17"]
[Round "5.1"]
[White "Sedlacek, Oldrich"]
[Black "Nemec, Pavel"]
[WhiteElo "2224"]
[BlackElo "2213"]
[Result "1/2-1/2"]
[PlyCount "28"]

1. Nf3 Nf6 2. c4 c5 3. g3 Nc6 4. d4 cxd4 5. Nxd4 e6 6. Nc3
d5 7. cxd5 exd5 8. Bg2 Bc5 9. Nb3 Bb4 10. O-O Be6 11. Be3 O-O 12. Rc1 Re8 13.
Nd4 Bg4 14. h3 Nxd4 1/2-1/2